000 00601nam a2200205Ia 4500
003 GCL
008 140319s9999 xx 000 0 ara d
040 _aGCL /
_cGCL
082 0 4 _a813.009
_bش ا
100 1 _aرفعت سلام
245 1 0 _aالابداع القصصى عند يوسف ادريس /
_cرفعت سلام
700 1 _aشويك، ب. م كرير
260 _a[S.N] :
_bدار سعاد الصباح ،
_c1993
300 _a327 ص
490 _a
650 0 4 _aالادب العربى
650 0 4 _aالقصص العربية
650 0 4 _aتاريخ ونقد
942 _2ddc
_cBK
999 _c34647
_d34647